[Event "TCh-ESP"]
[Site "Lanzarote ESP"]
[Date "2003.05.14"]
[Round "9"]
[White "Fernandez Garcia,Jo"]
[Black "Bellon Lopez,JuM"]
[Result "1/2-1/2"]
[WhiteElo "2452"]
[BlackElo "2422"]
[EventDate "2003.05.06"]

1. e4 c6 2. c4 d5 3. cxd5 cxd5 4. exd5 Nf6 5. Nc3 Nxd5 6. Nf3 e6 7. Bc4
Nxc3 8. dxc3 Qxd1+ 9. Kxd1 Bc5 10. Ke2 b6 11. Be3 Ba6 12. Ne5 Bxe3 13. Kxe3
f6 14. Bxe6 Bb7 15. Nd3 Ke7 16. Bb3 Nc6 17. Rhe1 Rhd8 18. Rad1 Na5 19. Kf4+
Kf8 20. Be6 Rd6 21. f3 Re8 22. Bb3 g5+ 23. Kg3 Red8 24. Nf2 Nxb3 25. axb3
h5 26. h4 Rd2 27. Rh1 gxh4+ 28. Kxh4 a5 29. Kg3 Bc6 30. Kf4 R8d5 31. c4 Rd7
32. Ke3 Rxb2 33. Rxd7 Bxd7 34. Ne4 Rxb3+ 35. Kd4 Kg7 36. Nd2 Rb4 37. Rxh5
Ra4 38. Rd5 Be8 39. Rd8 Bg6 40. Rd7+ Kh6 41. Rd6 Ra2 42. Ke3 Rb2 43. Rxf6
a4 44. c5 bxc5 45. Ra6 Ra2 46. g4 Kg7 47. Nc4 Bf7 48. Ne5 Bd5 49. g5 a3 50.
Ra7+ Kg8 51. Ng4 Be6 52. Nf6+ Kf8 53. Kf4 Ra1 54. g6 Rg1 55. Ke5 Bc4 56.
Nd7+ Ke8 57. Nf6+ Kf8 58. Nh7+ Ke8 59. Nf6+ Kd8 60. Kd6 Kc8 61. Rxa3 Rxg6
62. Ra7 Rg1 63. Kxc5 Kd8 64. Ra3 Rc1 65. f4 Be6+ 1/2-1/2

[Event "TCh-ESP"]
[Site "Lanzarote ESP"]
[Date "2003.05.14"]
[Round "9"]
[White "Vassallo,M"]
[Black "Moreno Carnero,J"]
[Result "1/2-1/2"]
[WhiteElo "2440"]
[BlackElo "2504"]
[EventDate "2003.05.06"]

1. d4 d5 2. c4 c6 3. Nc3 Nf6 4. cxd5 cxd5 5. Bf4 Nc6 6. e3 a6 7. Bd3 Bg4 8.
Nge2 e6 9. h3 Bh5 10. Rc1 Bg6 11. O-O Be7 12. Bxg6 1/2-1/2

[Event "TCh-ESP"]
[Site "Lanzarote ESP"]
[Date "2003.05.14"]
[Round "9"]
[White "Hoffman,A"]
[Black "Fernandez Romero,Ern"]
[Result "1/2-1/2"]
[WhiteElo "2485"]
[BlackElo "2413"]
[EventDate "2003.05.06"]

1. c4 e5 2. g3 Nf6 3. Bg2 c6 4. b3 d5 5. Bb2 Bd6 6. d3 O-O 7. Nd2 Re8 8.
Qc2 Nbd7 9. e4 d4 10. Ne2 c5 11. O-O Nb8 12. h3 Nc6 13. a3 1/2-1/2

[Event "TCh-ESP"]
[Site "Lanzarote ESP"]
[Date "2003.05.14"]
[Round "9"]
[White "Barrero Garcia,C"]
[Black "Reinaldo Castineira,R"]
[Result "1/2-1/2"]
[WhiteElo "2327"]
[BlackElo "2405"]
[EventDate "2003.05.06"]

1. Nf3 d6 2. d4 g6 3. c4 Bg7 4. Nc3 Bg4 5. e3 c5 6. h3 cxd4 7. exd4 Bxf3 8.
Qxf3 Nc6 9. d5 Ne5 10. Qd1 Rc8 11. Qa4+ Qd7 12. Qxa7 Nxc4 13. Bd2 Kf8 14.
Nb1 Qd8 15. Bc1 Ra8 1/2-1/2

[Event "TCh-ESP"]
[Site "Lanzarote ESP"]
[Date "2003.05.14"]
[Round "9"]
[White "Mullor Gomez,L"]
[Black "Sanz Alonso,F"]
[Result "1-0"]
[WhiteElo "2348"]
[BlackElo "2406"]
[EventDate "2003.05.06"]

1. e4 e5 2. Nf3 Nc6 3. d4 exd4 4. Nxd4 Bc5 5. Be3 Qf6 6. Nb5 Bxe3 7. fxe3
Kd8 8. N1c3 Nge7 9. Qd2 a6 10. Nd4 d6 11. O-O-O Ne5 12. Be2 Be6 13. Nf3 Ke8
14. Rhf1 h6 15. Nd5 Nxd5 16. exd5 Bd7 17. Qb4 b5 18. Rd4 Nxf3 19. Rxf3 Qd8
20. Rdf4 f6 21. Bd3 c5 22. dxc6 Bxc6 23. Rg3 g5 24. Rd4 Ke7 25. Be4 Qc7 26.
Rf3 Rac8 27. Rf2 Rhd8 28. Bf5 Rb8 29. Qb3 d5 30. g3 Qe5 31. Bg4 a5 32. Qd3
b4 33. Kd2 Kd6 34. Rf5 Qe7 35. e4 Rb5 36. exd5 Bd7 37. Rf2 Rb6 38. Re2 Qf8
39. Bxd7 Kxd7 40. Qf5+ Kc7 41. Kd3 Kb8 42. Re6 Rbd6 43. c4 bxc3 44. bxc3
Qf7 45. Rxd6 Rxd6 46. c4 Qb7 47. Ke2 Ka7 48. Rd2 Qe7+ 49. Kd3 Qe1 50. Qf2+
Rb6 51. Qf5 Rd6 52. Qf2+ 1-0

[Event "TCh-ESP"]
[Site "Lanzarote ESP"]
[Date "2003.05.14"]
[Round "9"]
[White "De la Rocha,R"]
[Black "Estremera Panos,S"]
[Result "0-1"]
[WhiteElo "2335"]
[BlackElo "2370"]
[EventDate "2003.05.06"]

1. c4 Nf6 2. g3 c6 3. Nf3 d5 4. b3 dxc4 5. bxc4 e5 6. Qc2 Bc5 7. Nc3 O-O 8.
Bg2 Re8 9. O-O h6 10. d3 Qc7 11. Rb1 Nbd7 12. e3 Bf8 13. Nd2 Rb8 14. h3 Rd8
15. Nb3 Nc5 16. d4 Nxb3 17. axb3 exd4 18. exd4 Rxd4 19. Be3 Rd8 20. Bxa7
Ra8 21. Ra1 Be6 22. Be3 Qe5 23. Bb6 Rxa1 24. Rxa1 Bf5 25. Qa2 Rd3 26. Ne2
Nd7 27. Be3 Nc5 28. Bxc5 Bxc5 29. Rf1 Kh7 30. Kh2 Qd6 31. Qa5 Rxb3 32. Qa2
Rd3 33. Nf4 Rd2 34. Qa5 b6 35. Qc3 Qd4 36. Qf3 Rxf2 37. Rxf2 Qxf2 38. Qxf2
Bxf2 39. Bxc6 g5 40. Nd5 Bd3 41. Kg2 Bd4 42. Bb5 f5 43. h4 Be4+ 44. Kh2 Kg7
45. Bd7 Kf7 46. hxg5 hxg5 47. Nb4 Bc5 48. Nd5 Bd3 49. Bb5 Ke6 50. Kg2 Ke5
51. Kf3 Bf1 0-1